000 00372nam a22001217a 4500
008 181127b xxu||||| |||| 00| 0 eng d
041 _aeng
080 _a043.3
100 _a0
101 _aMTH-MEK
245 _aSystem approach to the improvement of the performance of instalation and maintenance of heating, ventilation and air conditioning
_cDauti,L
942 _2udc
_cBK
999 _c52596
_d52596